00916nam a2200193 a 450000100100000000500170001000800410002702000150006804000250008324501210010826001330022930000450036250400300040770000230043771000720046071000680053295201050060099900170070500003750320200930080411.0120420s1987 sp acd 000 0 spa d a8400065719 aDO-SdBNPbspacBNPHU13aLa fertilidad de los suelos de mayor interés agrícola de la Provincia de Guadalajara /cL. Jimerno ... [et al.]. aMadrid :bInstituto de Edafología y Biología Vegetal de Madrid del Consejo Superior de Investigaciones Científicas,c1987. a290 p. :bil.,+2 mapas, retrs. ;c25 cm. aBibliografia : p. 289-2901 aJimerno, L.9639571 aConsejo Superior de Investigaciones Científicas (Espanya).9638951 aInstituto de Edafología y Biología Vegetal de Madrid963958 001050718MOaGRbGRcCTd2012-04-20iLF1l0o p37503-10r2020-06-25w2020-06-25y1ZNo se presta c36993d36993